Guess the country 6 - Statistics

General Stats
  • This quiz has been taken 17 times
  • The average score is 8 of 16
Answer Stats
Picture Answer % Correct
Cuba
91%
Cyprus
91%
Saudi Arabia
91%
Canada
82%
Liberia
73%
Trinidad and Tobago
55%
Nicaragua
45%
Nigeria
45%
Central African Republic
36%
Costa Rica
36%
Democratic Republic of the Congo
36%
Ethiopia
36%
Namibia
27%
Pakistan
27%
Colombia
18%
Eritrea
18%
No matching quizzes found
Score Distribution
Percent of People with Each Score
Percentile by Number Answered
Your Score History
You have not taken this quiz